000 00552nam a2200217 a 4500
001 0001-2121
003 ELIB.Books
008 190724 2010 eng
020 _a0785282475
092 _a248.843
_bHig
100 _aHiggs, Liz Curtis.
245 _aOnly Angels can Wing it
260 _aNew York
_bGuideposts
_c1995
300 _a216
_c21cm
650 _aWomen-Religiousw Life
856 _nKBTS Library
_uKBTS Elib
942 _2ddc
_cBK
990 _a1
998 _aEnglishbooks.elf
_ccat
_e2019-07-24
999 _c12121
_d12121